000 00786nam a2200229Ii 4500
003 JO-AjNU
008 230605s9999||||xx |||||||||||||| ||und||
017 _a2015/1/229
020 _a978-9957-94-189-5
040 _aJO-AjNU
_bara
_erda
_cJO-AjNU
041 _aara
050 1 4 _aPJ6106 2015
100 3 _aعياصرة، عبدالله محمود,
_eauthor
_957793
245 0 0 _aنظرية الإختصاص في النحو العربي في ضوء اللسانيات الحديثة
250 _aط1
264 3 1 _aعمان: وزارة الثقافة، 2015
300 _a142ص
336 _atext
_btxt
_2rdacontent
337 _aunmediated
_bn
_2rdamedia
338 _avolume
_bnc
_2rdacarrier
650 4 _aاللغة العربية - نحو - ألفاظ - لسانيات
_957794
999 _aA25919
_c29487
_d29487